[Event "NED-ch U16 op"]
[Site "Borne"]
[Date "2013.08.09"]
[Round "8"]
[White "Chang, Hawkie"]
[Black "Kalle, Erwin"]
[Result "1-0"]
[WhiteElo "1757"]
[BlackElo "1633"]
[PlyCount "67"]
[EventDate "2013.08.05"]
[EventType "swiss"]
[EventRounds "9"]
[EventCountry "NED"]
[SourceTitle "EXT 2015"]
[Source "ChessBase"]
[SourceDate "2014.11.20"]
[SourceVersion "1"]
[SourceVersionDate "2014.11.20"]
[SourceQuality "1"]

1. e4 e6 2. d4 d5 3. Nc3 Bb4 4. e5 c5 5. a3 Bxc3+ 6. bxc3 Ne7 7. Nf3 Nbc6 8. Bd3 Bd7 9. a4 Qa5 10. Qd2 c4 11. Be2 0-0 12. Ba3 Rfc8 13. 0-0 Qd8 14. Nh4 Ng6 15. Nxg6 hxg6 16. f4 Ne7 17. Rf3 Nf5 18. g4 Nh6 19. g5 Nf5 20. Rh3 f6 21. Bg4 fxg5 22. Bxf5 gxf5 23. fxg5 g6 24. Qf4 Kg7 25. Qh4 Qh8 26. Be7 Qxh4 27. Bf6+ Kf7 28. Rxh4 Be8 29. Rb1 b6 30. a5 Rab8 31. a6 Ra8 32. Rf1 Bb5 33. Rh7+ Ke8 34. Rf3 1-0

[Event "NED-ch U16 op"]
[Site "Borne"]
[Date "2013.08.06"]
[Round "3"]
[White "Chang, Hawkie"]
[Black "Dubbeldam, Mathijs"]
[Result "1-0"]
[WhiteElo "1757"]
[BlackElo "1402"]
[PlyCount "31"]
[EventDate "2013.08.05"]
[EventType "swiss"]
[EventRounds "9"]
[EventCountry "NED"]
[SourceTitle "EXT 2015"]
[Source "ChessBase"]
[SourceDate "2014.11.20"]
[SourceVersion "1"]
[SourceVersionDate "2014.11.20"]
[SourceQuality "1"]

1. e4 e6 2. d4 b6 3. c4 Bb7 4. Nc3 Bb4 5. Bd3 Ne7 6. Nge2 0-0 7. a3 Bxc3+ 8. Nxc3 f5 9. 0-0 c5 10. d5 fxe4 11. Bxe4 Nf5 12. dxe6 Bxe4 13. Nxe4 dxe6 14. Ng5 Qe8 15. Qe2 Nd4 16. Qe4 1-0

[Event "NED-ch U15"]
[Site "Haarlem"]
[Date "2012.05.06"]
[Round "9"]
[White "Chang, Hawkie"]
[Black "Wolters, Alec"]
[Result "1/2-1/2"]
[WhiteElo "1591"]
[BlackElo "1536"]
[PlyCount "109"]
[EventDate "2012.04.28"]
[EventType "swiss"]
[EventRounds "9"]
[EventCountry "NED"]
[SourceTitle "EXT 2013"]
[Source "ChessBase"]
[SourceDate "2012.11.22"]
[SourceVersion "1"]
[SourceVersionDate "2012.11.22"]
[SourceQuality "1"]

1. e4 c5 2. Nf3 Nc6 3. d4 cxd4 4. Nxd4 Nf6 5. Nc3 e5 6. Ndb5 d6 7. Bg5 a6 8. Na3 b5 9. Nd5 Be7 10. Nxe7 Qxe7 11. c4 b4 12. Nc2 0-0 13. Ne3 Qe6 14. Bd3 Nd4 15. Bxf6 Qxf6 16. Nd5 Qg5 17. Ne3 Be6 18. Qd2 a5 19. f3 Rac8 20. b3 Rc5 21. Nc2 Qxd2+ 22. Kxd2 Nxc2 23. Kxc2 Ra8 24. a3 Rcc8 25. Ra2 Bd7 26. Be2 Kf8 27. Rha1 Bc6 28. Kb2 Ke7 29. axb4 axb4 30. Ra6 Rab8 31. g3 Rc7 32. Bf1 g6 33. Bh3 Bd7 34. Bxd7 Rxd7 35. Rd1 Rbb7 36. Rd5 f5 37. Ra4 Ke6 38. Rb5 Rxb5 39. cxb5 fxe4 40. fxe4 Rf7 41. Rxb4 Kd7 42. Rc4 Ke6 43. b6 Rb7 44. Rc7 Rxb6 45. Rxh7 d5 46. Rh6 Kf6 47. exd5 Rd6 48. b4 Rxd5 49. Kc3 e4 50. Rh4 Ke5 51. Rh8 Rd3+ 52. Kc2 Rd5 53. Re8+ Kd4 54. Kd2 Re5 55. Rd8+ 1/2-1/2

[Event "NED-ch U15"]
[Site "Haarlem"]
[Date "2012.04.29"]
[Round "2"]
[White "Tikranian, Alik"]
[Black "Chang, Hawkie"]
[Result "1-0"]
[WhiteElo "1844"]
[BlackElo "1591"]
[PlyCount "101"]
[EventDate "2012.04.28"]
[EventType "swiss"]
[EventRounds "9"]
[EventCountry "NED"]
[SourceTitle "EXT 2013"]
[Source "ChessBase"]
[SourceDate "2012.11.22"]
[SourceVersion "1"]
[SourceVersionDate "2012.11.22"]
[SourceQuality "1"]

1. e4 c5 2. Nf3 e6 3. c3 Nf6 4. Qc2 Nc6 5. a3 d5 6. e5 Nd7 7. d4 Qb6 8. Be3 cxd4 9. cxd4 Be7 10. Nc3 f6 11. exf6 Bxf6 12. Rd1 a6 13. Bd3 Nf8 14. 0-0 Ne7 15. Bf4 Neg6 16. Bg3 Bd7 17. Rfe1 Kf7 18. Na4 Qd8 19. Nc5 Bc6 20. Qe2 Qe7 21. Rc1 Rc8 22. h4 Nxh4 23. Nxh4 Bxh4 24. Qh5+ Ng6 25. Bf5 Rce8 26. Bxe6+ Kf8 27. Re3 Bf6 28. Bxd5 Qd8 29. Bxc6 bxc6 30. Ne6+ Rxe6 31. Rxe6 Qxd4 32. Qc5+ Kf7 33. Rxc6 Re8 34. Qxd4 Bxd4 35. Rxa6 Bxb2 36. Rc7+ Kf8 37. a4 Ne5 38. Bxe5 Bxe5 39. Rc2 Bb8 40. g3 Kf7 41. Rac6 Re1+ 42. Kg2 Ra1 43. Rc8 Be5 44. Ra8 Bd4 45. a5 Kg6 46. a6 Ra5 47. Rd2 Bc3 48. Rd3 Be1 49. a7 Kf7 50. Rf3+ Kg6 51. Re8 1-0

[Event "NED-ch U13"]
[Site "Rijswijk"]
[Date "2011.06.04"]
[Round "9"]
[White "Chang, Hawkie"]
[Black "Dijkhuis, Sven"]
[Result "1/2-1/2"]
[WhiteElo "1396"]
[BlackElo "1675"]
[PlyCount "118"]
[EventDate "2011.06.02"]
[EventType "swiss"]
[EventRounds "9"]
[EventCountry "NED"]
[SourceTitle "EXT 2012"]
[Source "ChessBase"]
[SourceDate "2011.11.24"]
[SourceVersion "1"]
[SourceVersionDate "2011.11.24"]
[SourceQuality "1"]

1. e4 c5 2. Nf3 Nc6 3. d4 cxd4 4. Nxd4 Nf6 5. Nc3 e5 6. Ndb5 d6 7. Bg5 a6 8. Na3 b5 9. Nd5 Be7 10. Bxf6 Bxf6 11. c3 0-0 12. Nc2 Bg5 13. Be2 Kh8 14. 0-0 f5 15. Bf3 f4 16. Ncb4 Nb8 17. Qd3 a5 18. Nc2 Ba6 19. Rfd1 b4 20. Qd2 Bb7 21. cxb4 Nd7 22. bxa5 Rxa5 23. b4 Ra8 24. a4 Bxd5 25. Qxd5 Be7 26. a5 Nf6 27. Qd3 g5 28. Qe2 Qe8 29. a6 h5 30. h3 Qg6 31. g4 fxg3 32. fxg3 g4 33. hxg4 h4 34. Kg2 Nh5 35. Rh1 Nxg3 36. Qd3 Nxh1 37. Rxh1 Rac8 38. Ne3 Bg5 39. Nf5 Rfd8 40. b5 Qf7 41. Nxh4 Bxh4 42. Rxh4+ Kg8 43. Qd2 Rb8 44. Rh6 Qg7 45. Qd5+ Kf8 46. Qe6 Qg5 47. Rf6+ Kg7 48. Qf7+ Kh8 49. Rg6 Rd7 50. Qxd7 Qxg6 51. a7 Rf8 52. Qc6 Qf7 53. Qc3 Qxa7 54. Qb3 Qb6 55. Qe6 Qxb5 56. Qxd6 Qe8 57. g5 Qf7 58. Qh6+ Kg8 59. Qh3 Qf4 1/2-1/2

[Event "NED-ch U13"]
[Site "Rijswijk"]
[Date "2011.06.02"]
[Round "2"]
[White "Bolleman, Danilo"]
[Black "Chang, Hawkie"]
[Result "0-1"]
[WhiteElo "1252"]
[BlackElo "1396"]
[PlyCount "82"]
[EventDate "2011.06.02"]
[EventType "swiss"]
[EventRounds "9"]
[EventCountry "NED"]
[SourceTitle "EXT 2012"]
[Source "ChessBase"]
[SourceDate "2011.11.24"]
[SourceVersion "1"]
[SourceVersionDate "2011.11.24"]
[SourceQuality "1"]

1. e4 c5 2. Nf3 e6 3. d4 cxd4 4. Qxd4 Nc6 5. Qc4 Nf6 6. Bg5 Be7 7. Be2 a6 8. Nd4 Nxd4 9. Qxd4 b5 10. e5 Nd5 11. Bxe7 Qxe7 12. Bf3 Bb7 13. 0-0 0-0 14. Qd2 Rab8 15. Qd3 Rfc8 16. Be4 g6 17. c3 Qg5 18. Bxd5 Bxd5 19. Qg3 Qxg3 20. fxg3 b4 21. Rf2 a5 22. a3 Be4 23. Nd2 Bd5 24. axb4 axb4 25. cxb4 Rxb4 26. Nf3 Rcb8 27. Rb1 Be4 28. Rd1 R8b7 29. Ng5 Bf5 30. h3 h6 31. g4 Bxg4 32. hxg4 hxg5 33. Rdf1 d6 34. exd6 Rd4 35. Ra1 Rxd6 36. Ra8+ Kg7 37. Rf3 Rd1+ 38. Kh2 Rd2 39. Rh3 Rbxb2 40. Rhh8 Rxg2+ 41. Kh3 Rh2+ 0-1

[Event "NED-ch U13"]
[Site "Rijswijk"]
[Date "2011.06.02"]
[Round "1"]
[White "Chang, Hawkie"]
[Black "Nguyen, Kevin"]
[Result "0-1"]
[WhiteElo "1396"]
[BlackElo "1476"]
[PlyCount "70"]
[EventDate "2011.06.02"]
[EventType "swiss"]
[EventRounds "9"]
[EventCountry "NED"]
[SourceTitle "EXT 2012"]
[Source "ChessBase"]
[SourceDate "2011.11.24"]
[SourceVersion "1"]
[SourceVersionDate "2011.11.24"]
[SourceQuality "1"]

1. e4 c5 2. Nf3 d6 3. d4 cxd4 4. Nxd4 Nf6 5. Nc3 g6 6. Be2 Nc6 7. Be3 Bg7 8. f3 0-0 9. g4 Qb6 10. Rb1 Nxe4 11. Nxc6 Nxc3 12. Bxb6 Nxd1 13. Nxe7+ Kh8 14. Kxd1 axb6 15. Nxc8 Rfxc8 16. a3 Ra5 17. c3 Rd5+ 18. Kc2 Re5 19. Rhe1 Rce8 20. Kd1 Bh6 21. c4 d5 22. b3 dxc4 23. bxc4 Rd8+ 24. Kc2 Rd2+ 25. Kc3 Rexe2 26. Rxe2 Rxe2 27. Rd1 Re3+ 28. Rd3 Kg7 29. h4 Rxd3+ 30. Kxd3 Bf4 31. Ke4 Bd6 32. a4 Kf6 33. f4 Ke6 34. Kf3 f5 35. g5 Kd7 0-1